Stati per Indice della libertà economica - Statistics

Statistiche generali
  • Questo quiz è stato fatto 23 volte
  • Il punteggio medio è 13 su 15
Statistiche sulle risposte
Punteggio Continente Nazione % Corretto
73,7 America del Nord Canada
95%
73,7 Europa Germania
95%
74,8 Oceania Australia
90%
77,1 Europa Finlandia
90%
76,9 Europa Norvegia
90%
78,0 Europa Paesi Bassi
90%
77,5 Europa Svezia
90%
77,6 Europa Danimarca
86%
78,9 Oceania Nuova Zelanda
86%
83,8 Europa Svizzera
86%
73,7 Asia Corea del Sud
81%
78,4 Europa Lussemburgo
76%
78,6 Europa Estonia
71%
82,0 Europa Irlanda
71%
83,9 Asia Singapore
62%
Nessun quiz corrispondente trovato
Distribuzione punteggi
Percentuale di utenti per punteggio
Percentile per numero di risposta
I tuoi punteggi nel tempo
Non hai fatto questo quiz